ANALYTICAL PROFILES OF DRUG SUBSTANCES AND EXCIPIENTS (Record no. 8165)

MARC details
000 -LEADER
fixed length control field 00335nam a22001457a 4500
003 - CONTROL NUMBER IDENTIFIER
control field SGT
020 ## - INTERNATIONAL STANDARD BOOK NUMBER
International Standard Book Number 978-81-312-03828
082 ## - DEWEY DECIMAL CLASSIFICATION NUMBER
Classification number 615.1901, A12B
100 ## - MAIN ENTRY--PERSONAL NAME
Personal name BRITTAIN, G.
245 ## - TITLE STATEMENT
Title ANALYTICAL PROFILES OF DRUG SUBSTANCES AND EXCIPIENTS
260 ## - PUBLICATION, DISTRIBUTION, ETC. (IMPRINT)
Place of publication, distribution, etc DELHI
Name of publisher, distributor, etc ELSEVIER
Year of Publication 2008
300 ## - PAGE DESCRIPTION
No. of Pages 696
650 ## - SUBJECT ADDED ENTRY--TOPICAL TERM
Topical term or geographic name as entry element DRUG
942 ## - ADDED ENTRY ELEMENTS (KOHA)
Source of classification or shelving scheme Dewey Decimal Classification
Koha item type Books
Holdings
Withdrawn status Lost status Source of classification or shelving scheme Damaged status Not for loan Collection code Home library Current library Shelving location Date acquired Vendor Name Cost, normal purchase price Volume Information (Serial or Books or Non-Book Material) SGTU Bill Number Total Checkouts Full call number Accession No. (Barcode) Date last seen Bill Date Koha item type
    Dewey Decimal Classification     PHARMACY SGT FA-FP Library SGT FA-FP Library Reference Book 15/12/2015 AHUJA BOOK COMPNY 24995.00 21 SGTU 6162   615.1901, A12B FP1671 15/12/2015 06/10/2015 Books
    Dewey Decimal Classification     PHARMACY SGT FA-FP Library SGT FA-FP Library Reference Book 15/12/2015 AHUJA BOOK COMPNY 24995.00 22 SGTU 6162   615.1901, A12B FP1672 15/12/2015 06/10/2015 Books
    Dewey Decimal Classification     PHARMACY SGT FA-FP Library SGT FA-FP Library Reference Book 15/12/2015 AHUJA BOOK COMPNY 24995.00 23 SGTU 6162   615.1901, A12B FP1673 15/12/2015 06/10/2015 Books
    Dewey Decimal Classification     PHARMACY SGT FA-FP Library SGT FA-FP Library Reference Book 15/12/2015 AHUJA BOOK COMPNY 24995.00 24 SGTU 6162   615.1901, A12B FP1674 15/12/2015 06/10/2015 Books
    Dewey Decimal Classification     PHARMACY SGT FA-FP Library SGT FA-FP Library Reference Book 15/12/2015 AHUJA BOOK COMPNY 1595.00 25 SGTU 6162   615.1901, A12B FP1675 15/12/2015 06/10/2015 Books